Los conventos (Record no. 765144)
[ view plain ]
| 000 -CABECERA | |
|---|---|
| Campo de control de longitud fija | 00556naa a2200145Ia 4500 |
| 003 - IDENTIFICADOR DEL NÚMERO DE CONTROL | |
| Campo de control | ES-SlBCS |
| 005 - FECHA Y HORA DE LA ÚLTIMA TRANSACCIÓN | |
| Campo de control | 20210601151845.0 |
| 008 - CÓDIGOS DE INFORMACIÓN DE LONGITUD FIJA | |
| Campo de control de longitud fija | 140520s1993 xxu||||| |||| 00| 0 spa d |
| 041 ## - CÓDIGO DE LENGUA | |
| Código de lengua del texto/banda sonora o título independiente | spa |
| 100 1# - PUNTO DE ACCESO PRINCIPAL-NOMBRE DE PERSONA | |
| Nombre de persona | Folgar de la Calle, María del Carmen |
| 9 (RLIN) | 234818 |
| 245 00 - MENCIÓN DE TÍTULO | |
| Título | Los conventos |
| Mención de responsabilidad, etc. | María del Carmen Folgar De La Calle |
| 651 #4 - PUNTO DE ACCESO ADICIONAL DE MATERIA-NOMBRE GEOGRÁFICO | |
| Nombre geográfico | Santiago de Compostela-Conventos |
| 9 (RLIN) | 339001 |
| 773 0# - ENLACE AL DOCUMENTO FUENTE | |
| Título | Santiago de Compostela : Patrimonio Histórico Gallego.-Ciudades / José Manuel García Iglesias |
| Lugar, editor y fecha de publicación | La Coruña : Xuntanza, 1993 |
| Parte(s) relacionada(s) | , págs. 317-355 |
| Número de control del registro relacionado | VA47931 |
| 942 ## - ENTRADA DE ELEMENTOS AGREGADOS (KOHA) | |
| Koha [por defecto] tipo de item | Artículo de colaboración |
| Suprimido | Perdido | Estropeado | No para préstamo | Localización permanente | Localización actual | Localización en estantería | Fecha adquisición | Préstamos totales | Signatura completa | Fecha última consulta | Fecha del precio de reemplazo | Tipo de item de Koha |
|---|---|---|---|---|---|---|---|---|---|---|---|---|
| San Esteban | San Esteban | Depósito de libros | 11/07/2014 | 47/B1 | 11/07/2014 | 11/07/2014 | Artículo de colaboración |
